Los Angeles Rams Head Coaches - Statistics

General Stats
  • This quiz has been taken 47 times
  • The average score is 9 of 29
Answer Stats
Era Hint Answer % Correct
Los Angeles Rams 2017-present Sean McVay
89%
St. Louis & L.A. Rams 2012-2016 Jeff Fisher
81%
St. Louis Rams 1997-1999 Dick Vermeil
59%
Los Angeles Rams 1973-1977 Chuck Knox
51%
Los Angeles Rams 1992-1994 Chuck Knox
51%
St. Louis Rams 2000-2005 Mike Martz
51%
Los Angeles Rams 1983-1991 John Robinson
49%
Los Angeles Rams 1978-1982 Ray Malavasi
38%
Los Angeles Rams 1966-1970 George Allen
30%
St. Louis Rams 2009-2011 Steve Spagnuolo
30%
St. Louis Rams 1995-1996 Rich Brooks
27%
St. Louis Rams 2005* Joe Vitt
24%
Cleveland Rams 1945-1946 Adam Walsh
22%
St. Louis Rams 2008* Jim Haslett
22%
Los Angeles Rams 2016* John Fassel
22%
St. Louis Rams 2006-2008 Scott Linehan
22%
Los Angeles Rams 1960-1962 Bob Waterfield
19%
Cleveland Rams 1939-1942 Dutch Clark
19%
Los Angeles Rams 1955-1959 Sid Gillman
19%
Los Angeles Rams 1971-1972 Tommy Prothro
19%
Cleveland Rams 1938* Art Lewis
16%
Los Angeles Rams 1947 Bob Snyder
16%
Cleveland Rams 1944 Buff Donelli
16%
Los Angeles Rams 1948-1949 Clark Shaughnessy
16%
Cleveland Rams 1937-1938 Hugo Bezdek
16%
Cleveland Rams 1936 Damon Wetzel
14%
Los Angeles Rams 1952-1954 Hamp Pool
14%
Los Angeles Rams 1962-1965 Harland Svare
14%
Los Angeles Rams 1950-1952 Joe Stydahar
14%
No matching quizzes found
Score Distribution
Percent of People with Each Score
Percentile by Number Answered
Your Score History
You have not taken this quiz